Music Quiz

Random Music or Lyrics Quiz

'Respect' Lyrics Quiz Stats

 Plays Quiz Updated Feb 27, 2015

Challenge
Share
Tweet
Embed
Score 0/215 Timer 08:00
10 Plays Today
% Correct
R
98.6%
R
98.6%
S
98.6%
S
98.6%
T
98.5%
T
98.5%
E
98.5%
E
98.5%
E
98.5%
E
98.5%
I
98.3%
I
98.3%
I
98.3%
I
98.3%
I
98.3%
I
98.3%
I
98.3%
C
98%
C
98%
P
98%
P
98%
a
97.8%
a
97.8%
A
97.8%
A
97.8%
A
97.8%
C
97.7%
What
95.8%
What
95.8%
what?
95.8%
what
95.8%
it
94.7%
it
94.7%
it
94.7%
it
94.7%
T
94.2%
me
93.8%
me
93.8%
me
93.8%
me
93.8%
me
93.8%
you
93.7%
you
93.7%
you
93.7%
you
93.7%
you
93.7%
you
93.7%
you
93.7%
you
93.7%
you
93.7%
you
93.7%
you
93.7%
you
93.7%
you
93.7%
you
93.7%
you
93.7%
you
93.7%
you
93.7%
to
93.2%
to
93.1%
to
93.1%
to
93.1%
to
93.1%
to
93.1%
to
93.1%
I
90.3%
B
89.5%
want
86.1%
want
86.1%
respect
86%
respect
86%
respect
86%
% Correct
respect
86%
Respect
86%
respect
86%
little
84.4%
little
84.4%
little
84.4%
little
84.4%
little
84.4%
Is
83.2%
Is
83.2%
Is
83.2%
is
83.2%
Is
83.2%
need
82.6%
means
82.4%
got
81%
got
81%
got
81%
for
78.7%
for
78.7%
for
78.7%
baby
78.1%
Baby,
78.1%
Baby,
78.1%
baby
78.1%
baby
78.1%
All
77.1%
All
77.1%
all
77.1%
all
77.1%
All
77.1%
out
76.3%
out
76.3%
out
76.3%
know
75.3%
Find
73.1%
find
73.1%
I'm
70.6%
I'm
70.6%
I'm
70.6%
I'm
70.6%
I'm
70.6%
Do
67%
do
67%
do
67%
do
67%
askin'
67%
askin'
67%
askin'
67%
when
65%
when
65%
when
65%
when
65%
When
65%
When
65%
when
65%
When
65%
When
65%
So
62.5%
And
59.9%
And
59.9%
And
59.9%
And
59.9%
give
56.7%
give
56.7%
give
56.7%
get
54.8%
get
54.8%
get
54.8%
get
54.8%
get
54.8%
get
54.8%
% Correct
get
54.8%
my
53.7%
my
53.7%
my
53.7%
home
53.1%
home
53.1%
home
53.1%
home
53.1%
home
53.1%
home
53.1%
home
53.1%
home,
53.1%
home
53.1%
come
49.5%
come
49.5%
come
49.5%
in
48.8%
in
48.8%
whoa,
47.6%
your
47.4%
Take
47.1%
Ooh,
46.7%
honey
43.1%
honey
43.1%
Oh,
42.6%
money
38.8%
money
38.8%
of
38.1%
on
35.5%
Yeah
34.5%
Yeah
34.5%
Yeah
34.5%
Yeah
34.5%
care,
34.4%
you're
32.4%
You're
32.4%
ain't
31.2%
Ain't
31.2%
ain't
31.2%
have
30.9%
than
30.8%
gonna
30.2%
gonna
30.2%
wanna
29.4%
don't
29.2%
wrong
28.3%
wrong
28.3%
return,
28.3%
now
27.5%
babe
27.1%
Hey
26.1%
Sweeter
26%
about
25.9%
kisses
25.5%
guess
24.4%
gone
23.6%
gone
23.6%
'cause
22%
Or
18.2%
while
17.9%
propers
17.1%
Mister
14.3%
lyin'
12.8%
tryin'
12.3%
runnin'
11.1%
Keep
10.6%
walk
9.6%
Whip
9.4%
tired
8.6%
might
8.2%
fools
7.5%

You're not logged in!

Compare scores with friends on all Sporcle quizzes.
Join for Free
OR
Log In

You Might Also Like...

Show Comments

Extras

Top Quizzes Today


Score Distribution

Your Account Isn't Verified!

In order to create a playlist on Sporcle, you need to verify the email address you used during registration. Go to your Sporcle Settings to finish the process.

Report this User

Report this user for behavior that violates our Community Guidelines.

Details: